000 00247nam a2200109Ia 4500
008 190216s9999||||xx |||||||||||||| ||und||
100 _aV K N
245 0 _aMalayalam-Penpada
260 _bPoorna Pubs Kozhikode
650 _aMalayalam
942 _cBK
999 _c25974
_d25974